Name the... Digimon Family Members Quiz Stats

Quiz not verified by Sporcle

Challenge
Share
Tweet
Embed
Score 0/66 Timer 10:00
0 Plays Today
% Correct
Tai Kamiya (Yagami Taichi)
90.9%
Kari Kamiya (Yagami Hikari)
87.7%
Matt Ishida (Ishida Yamato)
87.7%
TK Takaishi (Takaishi Takeru)
85.6%
Sora Takenouchi
82.9%
Mimi Tachikawa
78.6%
Joe Kido (Kido Jou)
78.6%
Davis Motomiya (Motomiya Daisuke)
78.6%
Izzy Izumi (Izumi Koushiro)
78.1%
Ken Ichijouji (Ichijoji Ken)
76.5%
Cody Hida (Hida Iori)
75.4%
Yolei Inoue (Inoue Miyako)
71.7%
Takato Matsuki (Matsuda Takato)
63.1%
Henry Wong (Lee Jianliang)
62.6%
Rika Nonaka (Makino Ruki)
59.4%
Jim Kido (Kido Shin and Kido Shuu)
54%
Jun Motomiya
54%
Sam Ichijouji (Ichijoji Osamu)
48.7%
Kenta Kitagawa
48.7%
Jeri Katou (Kato Juri)
48.1%
Kazu Shioda (Shioda Hirokazu)
48.1%
Koji Minamoto
48.1%
Takuya Kanbara
46.5%
Suzie Wong (Lee Shaochung)
42.2%
Koichi Kimura
41.2%
Nancy Takaishi (Takaishi Natsuko)
40.6%
Tommy Himi (Himi Tomoki)
39%
Hiroaki Ishida
34.8%
Hiroaki Kanbara
34.8%
Yuuko Kamiya (Yagami Yuuko)
32.6%
Fred
32.4%
Hiroki Hida
31.6%
Susumu Kamiya (Yagami Susumu)
30.5%
% Correct
Jaarin Wong
29.9%
Duane
28.3%
Toshiko Takenouchi
27.8%
Satoe Tachikawa
27.8%
Haruhiko Takenouchi
27.3%
Kinu
26.9%
Yoshie Izumi
26.2%
Yoshie Matsuki (Matsuda Yoshie)
26.2%
Shinya Kanbara
26.2%
Momoe Inoue
25.1%
Chizuru Inoue
24.1%
Masami Izumi
23%
Mantarou Inoue
23%
Kai Urazoe
23%
Keisuke Tachikawa
22.5%
Chikara Hida
22.5%
Janyu Wong (Lee Jiang-yu)
22.5%
Fumiko Hida
21.9%
Rinchei Wong
19.3%
Takehiro Matsuki (Matsuda Takehiro)
18.7%
Yutaka Himi
18.2%
Wataru Urazoe
17.9%
Rumiko Nonaka (Makino Rumiko)
17.6%
Mayumi Wong
16.6%
Yuriko Kanbara
16%
Seiko Hata
15.5%
Hirofumi Shioda
13.4%
Takako Shioda
12.3%
Akemi Kitagawa
12.3%
Tadashi Katou (Kato Hajime)
11.2%
Shizue Katou (Kato Shizue)
10.7%
Shiyunsuke Kitagawa
10.7%
Masahiko Katou (Kato Masahiko)
10.2%

You're not logged in!

Compare scores with friends on all Sporcle quizzes.
Sign Up with Email
OR
Log In

You Might Also Like...

Show Comments

Extras

Top Quizzes Today


Score Distribution

Your Account Isn't Verified!

In order to create a playlist on Sporcle, you need to verify the email address you used during registration. Go to your Sporcle Settings to finish the process.

Report this User

Report this user for behavior that violates our Community Guidelines.

Details: